Statistiques concernant Gares de la Haute Vienne

Cliquez ici pour prendre le quiz!

Statistiques générales

  • Ce quiz a été pris 101 fois
  • Le résultat moyen est 14 sur 35

Statistiques - réponses

Nombre de voyageursGares% Correct
18 657Limoges Montjovis
98%
1 589 836Limoges Bénédictins
83%
61 162Nexon
83%
19 196Le Dorat
67%
22 353Saint Junien
67%
26 216Bellac
65%
27 893Ambazac
56%
37 213Saint Sulpice Laurière
54%
10 016Aixe sur Vienne
52%
20 396Pierre Buffière
50%
4 624Saillat - Chassenon
50%
25 400Saint Yrieix
50%
1 752Solignac - Le Vigen
46%
2 413Nieul
42%
12 096La Jonchère
38%
16 700Nantiat
38%
36 509Saint Léonard de Noblat
38%
17 746Bussière Galant
35%
275Peyrilhac - Saint Jouvent
33%
2 588Saint Victurnien
33%
248Saint Brice sur Vienne
31%
3 261L'Aiguille
27%
13 498Magnac - Vicq
25%
18 933Saint Priest Taurion
25%
3 740La Porcherie
21%
14 422Saint Germain les Belles
21%
3 889Châteauneuf - Bujaleuf
19%
4 155Lafarge
19%
1 653Les Bardys
19%
4 347Bersac
17%
373Fromental
15%
98Brignac
13%
2 759La Meyze
13%
3 829Saint Denis des Murs
10%
44 042Eymoutiers Vassivières
6%

Distribution des résultats

Percentile par nombre de réponses

% des personnes avec chaque résultat

Votre développement - résultats

Vous n’avez pas pris ce quiz